Stabilizácia a jej diagnostika v podnikovej praxi dizertačná práca

Na minha lista:
Detalhes bibliográficos
Autor principal: Síbertová, Linda
Autor Corporativo: Fakulta podnikového manažmentu EU. Katedra podnikovohospodárska
Outros Autores: Neumannová, Anna
Formato: Livro
Idioma:eslovaco
Publicado em: Bratislava 2014
Assuntos:
Tags: Adicionar Tag
Sem tags, seja o primeiro a adicionar uma tag!

MARC

LEADER 00000nbm a2200000 4500
001 0192242
005 20240502073227.9
041 0 |a slo 
044 |a SK 
245 1 0 |a Stabilizácia a jej diagnostika v podnikovej praxi  |b dizertačná práca  |c Linda Síbertová ; školiteľ: Anna Neumannová 
264 1 |a Bratislava  |c 2014 
300 |a 129 s. 
610 2 0 |a stabilizácia podniku 
610 2 0 |a reštaurácie 
610 2 0 |a pohostinstvo 
610 2 0 |a kvalita služieb 
100 1 |a Síbertová, Linda 
700 1 |a Neumannová, Anna 
710 2 |a Fakulta podnikového manažmentu EU. Katedra podnikovohospodárska